[Event "3FoglarVeterans_SIM_B"]
[Site "?"]
[Date "2007.??.??"]
[Round "?"]
[White "Pesa, Ladislav"]
[Black "Maksimov, Yuri I."]
[Result "1/2-1/2"]
[WhiteElo "2342"]
[BlackElo "2365"]
[PlyCount "61"]
[EventDate "2007.??.??"]
[EventType "corr"]
[SourceDate "2007.05.17"]

1. e4 e6 2. d4 d5 3. Nc3 Bb4 4. e5 c5 5. a3 Bxc3+ 6. bxc3 Qc7 7. Qg4 f5 8. Qg3
Ne7 9. Qxg7 Rg8 10. Qxh7 cxd4 11. Ne2 Nbc6 12. Qh5+ Ng6 13. f4 dxc3 14. Be3 Qa5
15. Qh7 Nge7 16. Nd4 Nxd4 17. Bxd4 Bd7 18. Qh5+ Ng6 19. g3 b6 20. Qd1 Rc8 21.
Qd3 Kf8 22. Qa6 Qa4 23. Qxa4 Bxa4 24. Bd3 Kf7 25. Ke2 Ne7 26. Rag1 Nc6 27. Bxc3
Ne7 28. Bb4 Bxc2 29. Bxe7 Bxd3+ 30. Kxd3 Kxe7 31. Rc1 1/2-1/2

[Event "3FoglarVeterans_SIM_B"]
[Site "?"]
[Date "2007.??.??"]
[Round "?"]
[White "Nocci, Roberto"]
[Black "Cipka, Ivan"]
[Result "1/2-1/2"]
[WhiteElo "2311"]
[BlackElo "2282"]
[PlyCount "80"]
[EventDate "2007.??.??"]
[EventType "corr"]
[SourceDate "2007.05.17"]

1. e4 e5 2. Nf3 Nf6 3. Nxe5 d6 4. Nf3 Nxe4 5. d4 d5 6. Bd3 Bd6 7. O-O O-O 8. c4
c6 9. Qc2 Na6 10. a3 Bg4 11. Ne5 Bf5 12. b4 Qh4 13. Nc3 Rfe8 14. cxd5 Nxc3 15.
Bxf5 Bxe5 16. dxe5 Nxd5 17. Bb2 Nac7 18. Rfe1 Qh5 19. h3 a5 20. b5 cxb5 21. Be4
Rad8 22. Rac1 Ne6 23. Qb3 Ndf4 24. Qxb5 f5 25. Bxb7 Qg6 26. Bc3 Nxh3+ 27. Kf1
Nhf4 28. g3 Rb8 29. Rb1 Qh5 30. Qc6 Qh3+ 31. Kg1 Qg4 32. Qf3 Qxf3 33. Bxf3 Ng5
34. Bb7 Rxb7 35. Rxb7 Nf3+ 36. Kh1 Nxe1 37. gxf4 Nd3 38. Bd2 Nxf2+ 39. Kg2 Nd3
40. Kf3 g5 1/2-1/2

[Event "3FoglarVeterans_SIM_B"]
[Site "?"]
[Date "2007.??.??"]
[Round "?"]
[White "Christiansen, Tonny"]
[Black "Cipka, Ivan"]
[Result "1/2-1/2"]
[WhiteElo "2340"]
[BlackElo "2282"]
[PlyCount "56"]
[EventDate "2007.??.??"]
[EventType "corr"]
[SourceDate "2007.05.17"]

1. e4 e5 2. Nf3 Nf6 3. Nxe5 d6 4. Nf3 Nxe4 5. d4 d5 6. Bd3 Bd6 7. O-O O-O 8.
Re1 Nf6 9. Bg5 Bg4 10. Nbd2 Nbd7 11. c3 c6 12. Qc2 Qc7 13. h3 Bh5 14. Nh4 Rfe8
15. Rac1 Bh2+ 16. Kh1 Bf4 17. Bxf4 Qxf4 18. Nf5 Rad8 19. g3 Qc7 20. Kg2 Nf8 21.
Nf3 Bxf3+ 22. Kxf3 g6 23. Nh6+ Kg7 24. Ng4 Rxe1 25. Rxe1 Nxg4 26. hxg4 c5 27.
dxc5 Qxc5 28. Kg2 Ne6 1/2-1/2

[Event "3FoglarVeterans_SIM_B"]
[Site "?"]
[Date "2007.??.??"]
[Round "?"]
[White "Pesa, Ladislav"]
[Black "Weber, Karlheinz"]
[Result "0-1"]
[WhiteElo "2342"]
[BlackElo "2298"]
[PlyCount "64"]
[EventDate "2007.??.??"]
[EventType "corr"]
[SourceDate "2007.05.17"]

1. e4 c5 2. Nf3 d6 3. d4 cxd4 4. Nxd4 Nf6 5. Nc3 a6 6. Bg5 e6 7. f4 Qb6 8. Nb3
Be7 9. Qf3 Nbd7 10. O-O-O Qc7 11. Bd3 b5 12. a3 Rb8 13. Rhe1 b4 14. axb4 Rxb4
15. Kb1 Bb7 16. Qh3 e5 17. g4 O-O 18. Bxf6 Bxf6 19. g5 Be7 20. Nd5 Bxd5 21.
exd5 g6 22. f5 Bxg5 23. fxg6 hxg6 24. Rg1 Rh4 25. Qg3 Bf6 26. Rdf1 Rh6 27. Bxa6
Bg7 28. Bb5 Rb8 29. Bc6 e4 30. Qe3 Nc5 31. Rg2 Qb6 32. Rff2 Rh5 0-1

[Event "3FoglarVeterans_SIM_B"]
[Site "?"]
[Date "2007.??.??"]
[Round "?"]
[White "Nocci, Roberto"]
[Black "Mokrinsky, Evgeny E."]
[Result "0-1"]
[WhiteElo "2311"]
[BlackElo "2341"]
[PlyCount "126"]
[EventDate "2007.??.??"]
[EventType "corr"]
[SourceDate "2007.05.17"]

1. d4 Nf6 2. Bf4 d5 3. e3 e6 4. Nd2 c5 5. c3 Nc6 6. Ngf3 Bd6 7. Ne5 Qc7 8. Bb5
O-O 9. Bxc6 bxc6 10. O-O Rb8 11. Rb1 cxd4 12. cxd4 c5 13. Nb3 c4 14. Nc5 Rb5
15. b4 a5 16. a3 axb4 17. axb4 Bb7 18. Qa4 Rb6 19. b5 Ra8 20. Qb4 Qe7 21. Rfc1
h6 22. f3 Qf8 23. h3 Bc8 24. Nc6 Bxf4 25. exf4 Bd7 26. Nxd7 Nxd7 27. Qd2 Nb8
28. Ne5 Qe7 29. Rb2 f6 30. Ng4 Ra3 31. Rc3 Ra7 32. Rc1 Rab7 33. Rcb1 Qd7 34.
Qa5 Qc7 35. f5 Qf4 36. fxe6 Qxd4+ 37. Kh1 Qc5 38. Qa8 c3 39. Re2 Re7 40. Nf2
Rxb5 41. Rxb5 Qxb5 42. Re1 d4 43. Kh2 g6 44. Ne4 Kg7 45. Nd6 Qb6 46. Qd5 Nc6
47. Nb5 c2 48. f4 h5 49. Qc4 Na5 50. Qd5 Qc6 51. Qd8 Re8 52. Qxa5 c1=Q 53. Qa7+
Kh6 54. Rxc1 Qxc1 55. Qxd4 Rxe6 56. Nd6 Qe3 57. Qxe3 Rxe3 58. h4 Rd3 59. Ne8 g5
60. Nxf6 gxf4 61. Ne4 Kg6 62. Kg1 Kf5 63. Ng5 Ra3 0-1

[Event "3FoglarVeterans_SIM_B"]
[Site "?"]
[Date "2007.??.??"]
[Round "?"]
[White "Woznica, Miroslaw"]
[Black "Maksimov, Yuri I."]
[Result "1-0"]
[WhiteElo "2303"]
[BlackElo "2365"]
[PlyCount "71"]
[EventDate "2007.??.??"]
[EventType "corr"]
[SourceDate "2007.05.17"]

1. e4 e6 2. d4 d5 3. Nc3 Bb4 4. e5 c5 5. a3 Bxc3+ 6. bxc3 Qc7 7. Qg4 f5 8. Qg3
Ne7 9. Qxg7 Rg8 10. Qxh7 cxd4 11. Ne2 Nbc6 12. f4 Bd7 13. Qh3 dxc3 14. Qxc3 Rc8
15. Rb1 b6 16. Bd2 d4 17. Qd3 Rd8 18. Ng3 Nd5 19. Be2 Kf8 20. Bf3 Be8 21. Ne2
Rh8 22. O-O Qh7 23. h3 Rg8 24. Kh1 Bh5 25. Bxh5 Qxh5 26. Rf3 Rc8 27. Rc1 a5 28.
Nxd4 Qg6 29. Rf2 Nxd4 30. c4 Qg3 31. Qxd4 Qxa3 32. cxd5 Rxc1+ 33. Bxc1 Qxc1+
34. Kh2 Qc5 35. Qxc5+ bxc5 36. d6 1-0

[Event "3FoglarVeterans_SIM_B"]
[Site "?"]
[Date "2007.??.??"]
[Round "?"]
[White "Vasile, Constantin"]
[Black "Mokrinsky, Evgeny E."]
[Result "1-0"]
[WhiteElo "2244"]
[BlackElo "2341"]
[PlyCount "61"]
[EventDate "2007.??.??"]
[EventType "corr"]
[SourceDate "2007.05.17"]

1. e4 c5 2. Nf3 d6 3. d4 cxd4 4. Nxd4 Nf6 5. Nc3 Nc6 6. Be2 g6 7. O-O Bg7 8.
Be3 O-O 9. Nb3 Be6 10. f4 Qc8 11. h3 Rd8 12. Nd4 Nxd4 13. Bxd4 d5 14. e5 Ne4
15. Nxe4 dxe4 16. c3 Qc6 17. Qd2 b5 18. Qe3 a5 19. g4 Bd5 20. Rf2 a4 21. f5
Rab8 22. h4 Rb7 23. h5 gxf5 24. gxf5 Bh6 25. Rg2+ Kf8 26. Qg3 Ke8 27. Qg8+ Bf8
28. Rf1 Kd7 29. Qxh7 Qh6 30. e6+ Kc8 31. Qxf7 1-0

[Event "3FoglarVeterans_SIM_B"]
[Site "?"]
[Date "2007.??.??"]
[Round "?"]
[White "Matousek, Jan"]
[Black "Mokrinsky, Evgeny E."]
[Result "1-0"]
[WhiteElo "2314"]
[BlackElo "2341"]
[PlyCount "61"]
[EventDate "2007.??.??"]
[EventType "corr"]
[SourceDate "2007.05.17"]

1. d4 Nf6 2. c4 e6 3. Nf3 b6 4. g3 Bb7 5. Bg2 Be7 6. Nc3 O-O 7. O-O Ne4 8. Qc2
Nxc3 9. Qxc3 Na6 10. a3 c5 11. Be3 Rc8 12. Rac1 d5 13. Rfd1 cxd4 14. Qxd4 Nc5
15. cxd5 exd5 16. Ne5 Ne6 17. Rxc8 Qxc8 18. Qa4 Bd6 19. Rc1 Qa8 20. Nf3 Bc5 21.
Bxc5 bxc5 22. Bh3 f5 23. Ne5 Qe8 24. Qxa7 Qb5 25. a4 Qxe2 26. Qxb7 Qxe5 27. Bg2
Rd8 28. a5 Qd6 29. b4 c4 30. a6 Rd7 31. Qxd5 1-0

[Event "3FoglarVeterans_SIM_B"]
[Site "?"]
[Date "2007.??.??"]
[Round "?"]
[White "Satici, Aydin"]
[Black "Pesa, Ladislav"]
[Result "1/2-1/2"]
[WhiteElo "2335"]
[BlackElo "2342"]
[PlyCount "92"]
[EventDate "2007.??.??"]
[EventType "corr"]
[SourceDate "2007.05.17"]

1. e4 c5 2. Nc3 Nc6 3. f4 g6 4. Nf3 Bg7 5. Bb5 Nd4 6. O-O Nxb5 7. Nxb5 d5 8.
exd5 a6 9. Nc3 Nf6 10. d4 Nxd5 11. dxc5 Nxc3 12. Qxd8+ Kxd8 13. bxc3 Be6 14.
Ne5 Kc7 15. Be3 Rhd8 16. Rfb1 Rab8 17. Rb6 Bd5 18. Kf2 f6 19. Nf3 Rd7 20. Nd4
f5 21. a4 e5 22. Nf3 e4 23. Ne5 Bxe5 24. fxe5 Re8 25. Rd6 Kc8 26. Bf4 Rxd6 27.
cxd6 Kd7 28. c4 Bxc4 29. Rb1 Bd5 30. Ke3 Rc8 31. Kd4 Ke6 32. Rb4 Bc6 33. a5 h6
34. Bxh6 Rh8 35. Be3 Rxh2 36. Rb1 Rxg2 37. Rh1 f4 38. Bxf4 e3 39. Rh7 e2 40.
Re7+ Kf5 41. Rf7+ Kg4 42. Bd2 Rg1 43. e6 Rd1 44. Kc3 e1=Q 45. Bxe1 Rxd6 46. e7
Re6 1/2-1/2

[Event "3FoglarVeterans_SIM_B"]
[Site "?"]
[Date "2007.??.??"]
[Round "?"]
[White "Weber, Karlheinz"]
[Black "Satici, Aydin"]
[Result "1/2-1/2"]
[WhiteElo "2298"]
[BlackElo "2335"]
[PlyCount "114"]
[EventDate "2007.??.??"]
[EventType "corr"]
[SourceDate "2007.05.17"]

1. d4 Nf6 2. c4 e6 3. Nf3 Bb4+ 4. Bd2 Qe7 5. g3 Nc6 6. Bg2 Bxd2+ 7. Nbxd2 O-O
8. O-O d6 9. e4 e5 10. d5 Nb8 11. Ne1 a5 12. Nd3 Na6 13. Qc2 Nd7 14. a3 Ndc5
15. Nxc5 Nxc5 16. b4 Nd7 17. Rfc1 c5 18. dxc6 bxc6 19. Nb3 axb4 20. axb4 Rxa1
21. Rxa1 c5 22. b5 Nb6 23. Nd2 g6 24. Qc3 f5 25. exf5 gxf5 26. Bc6 e4 27. Re1
Qf7 28. f3 exf3 29. Qxf3 Qf6 30. Qf4 Kg7 31. Re3 h6 32. Nf1 Qd4 33. Qxd4+ cxd4
34. Rd3 Nxc4 35. Rxd4 Be6 36. Nd2 d5 37. Nxc4 dxc4 38. Kf2 Kf6 39. Ke3 Ke5 40.
b6 c3 41. Rd3 c2 42. Kd2 Rc8 43. Rc3 Bd5 44. b7 Rb8 45. Rc5 Kd6 46. Rxd5+ Kxc6
47. Rxf5 Rxb7 48. Rf6+ Kd5 49. Rxh6 Rc7 50. Kc1 Rc8 51. Rh7 Ke6 52. Rh4 Kd5 53.
Rf4 Ra8 54. h4 Rc8 55. Ra4 Ke6 56. g4 Kf6 57. g5+ Kg6 1/2-1/2

[Event "3FoglarVeterans_SIM_B"]
[Site "?"]
[Date "2007.??.??"]
[Round "?"]
[White "Nocci, Roberto"]
[Black "Satici, Aydin"]
[Result "0-1"]
[WhiteElo "2311"]
[BlackElo "2335"]
[PlyCount "130"]
[EventDate "2007.??.??"]
[EventType "corr"]
[SourceDate "2007.05.17"]

1. d4 Nf6 2. Bf4 g6 3. e3 Bg7 4. Nf3 O-O 5. Be2 d6 6. O-O c5 7. c3 Nh5 8. Bg5
h6 9. Bh4 g5 10. Nfd2 cxd4 11. cxd4 Nf4 12. exf4 gxh4 13. h3 Bxd4 14. Nc3 Bg7
15. Bd3 Nc6 16. Rc1 d5 17. Re1 Qd6 18. Nf3 d4 19. Ne2 Be6 20. a3 Bf6 21. b4
Rad8 22. Nd2 Bd5 23. Nc4 Bxc4 24. Rxc4 e6 25. Rc5 Ne7 26. Rh5 Kg7 27. Qd2 Rh8
28. Rd1 Rd7 29. Kh1 Nf5 30. Nc1 Rc7 31. Kg1 Rhc8 32. Ne2 Rd8 33. Qb2 Qc6 34.
Qb1 Qa4 35. Rd2 Qd7 36. Rd1 a6 37. Qb3 Qc6 38. a4 b6 39. Kh2 Ne7 40. b5 axb5
41. Rxb5 Nd5 42. Be4 Qc4 43. Qf3 Qxa4 44. Rbb1 Nc3 45. Nxc3 dxc3 46. Ra1 Qe8
47. Rxd8 Qxd8 48. Bc2 Rc4 49. Rd1 Qc7 50. g3 b5 51. f5 hxg3+ 52. fxg3 e5 53. h4
Rd4 54. Kh3 Qc4 55. Rxd4 exd4 56. Bd3 Qb3 57. Qg4+ Kh7 58. Qe4 h5 59. Qe2 Kg7
60. g4 hxg4+ 61. Qxg4+ Kh6 62. Qg2 Qd1 63. Bc2 Qe1 64. Qg3 Qxg3+ 65. Kxg3 b4
0-1

[Event "3FoglarVeterans_SIM_B"]
[Site "?"]
[Date "2007.??.??"]
[Round "?"]
[White "Glinz, Gustavo"]
[Black "Weber, Karlheinz"]
[Result "1-0"]
[WhiteElo "2321"]
[BlackElo "2298"]
[PlyCount "98"]
[EventDate "2007.??.??"]
[EventType "corr"]
[SourceDate "2007.05.17"]

1. e4 e5 2. Nf3 Nc6 3. Bb5 a6 4. Ba4 Nf6 5. O-O Be7 6. Nc3 b5 7. Bb3 d6 8. Nd5
Bg4 9. c3 Na5 10. Nxe7 Qxe7 11. Bc2 O-O 12. h3 Bh5 13. d4 Rfd8 14. Re1 exd4 15.
cxd4 c5 16. d5 Bxf3 17. gxf3 Nc4 18. f4 a5 19. b3 Nb6 20. a4 b4 21. Bb2 Rac8
22. Bd3 c4 23. bxc4 Nxc4 24. Bd4 Nd7 25. Rc1 Na3 26. e5 Rxc1 27. Qxc1 dxe5 28.
Qc7 Rf8 29. fxe5 Qg5+ 30. Kh1 Qh4 31. Qxd7 Qxd4 32. e6 Qxd3 33. e7 g6 34.
exf8=Q+ Kxf8 35. Kg2 Nc4 36. Re7 Qf5 37. Re8+ Kg7 38. Qxf5 gxf5 39. Rc8 Nb6 40.
Rc5 b3 41. Rb5 Nxa4 42. Rxb3 Kf6 43. Ra3 Nc5 44. Rxa5 Nb7 45. Ra7 Nd6 46. f4
Ne4 47. Rc7 Nd6 48. Kf3 Ne4 49. Rc6+ Ke7 1-0

[Event "3FoglarVeterans_SIM_B"]
[Site "?"]
[Date "2007.??.??"]
[Round "?"]
[White "Nocci, Roberto"]
[Black "Christiansen, Tonny"]
[Result "1-0"]
[WhiteElo "2311"]
[BlackElo "2340"]
[PlyCount "117"]
[EventDate "2007.??.??"]
[EventType "corr"]
[SourceDate "2007.05.17"]

1. d4 f5 2. g3 Nf6 3. Bg2 e6 4. c4 c6 5. Nd2 d6 6. Ngf3 Be7 7. O-O O-O 8. Re1
Qe8 9. e4 fxe4 10. Nxe4 Nxe4 11. Rxe4 Na6 12. c5 dxc5 13. Bf4 cxd4 14. Nxd4 Qf7
15. Qe2 Nb4 16. Nxe6 Bxe6 17. Rxe6 Bc5 18. Rc1 b6 19. Bh3 Kh8 20. Be3 Bxe3 21.
Rxe3 c5 22. Bg2 Nxa2 23. Rd1 Rad8 24. Rxd8 Rxd8 25. Re7 Nc1 26. Qe3 Qb3 27. Qg5
Qd1+ 28. Bf1 Rg8 29. Qf5 h6 30. Rd7 Qe1 31. Qc2 Na2 32. Rxa7 Nb4 33. Qg6 Qc1
34. Qxb6 Nd3 35. Qd6 c4 36. Rb7 Nxb2 37. Qa3 c3 38. Rc7 Rb8 39. Rxc3 Qg5 40.
Rc5 Qf6 41. Rd5 Qc6 42. Qa7 Rf8 43. Qd4 Qf6 44. Re5 Rb8 45. Qe3 Qd6 46. h4 Qd1
47. Re6 Rd8 48. Qb6 Na4 49. Qb5 Qd4 50. Re8+ Rxe8 51. Qxe8+ Kh7 52. Bh3 Qd1+
53. Kh2 Qf3 54. Qxa4 Qxf2+ 55. Bg2 h5 56. Qd7 Qc2 57. Qb7 Kh6 58. Qc6+ Qxc6 59.
Bxc6 1-0

[Event "3FoglarVeterans_SIM_B"]
[Site "?"]
[Date "2007.??.??"]
[Round "?"]
[White "Satici, Aydin"]
[Black "Illetsko, Jaroslav"]
[Result "1/2-1/2"]
[WhiteElo "2335"]
[BlackElo "2262"]
[PlyCount "96"]
[EventDate "2007.??.??"]
[EventType "corr"]
[SourceDate "2007.05.17"]

1. e4 e5 2. Nf3 Nc6 3. Bb5 a6 4. Ba4 d6 5. O-O Bd7 6. d4 Nf6 7. c3 g6 8. Re1
Qe7 9. d5 Nb8 10. c4 Bg7 11. Nc3 O-O 12. Bxd7 Nbxd7 13. Be3 Ng4 14. Bg5 f6 15.
Bd2 Nh6 16. Qc1 Nf7 17. h4 f5 18. exf5 gxf5 19. Nd4 Nd8 20. Qc2 Qf7 21. Nf3 Qh5
22. Re3 Rf6 23. Ng5 h6 24. Rh3 Rc8 25. Re1 c6 26. b3 Rf8 27. Ne6 Nxe6 28. dxe6
Nc5 29. e7 Rf6 30. b4 Nd7 31. b5 Qf7 32. bxa6 bxa6 33. Qa4 Nc5 34. Qa5 Qxe7 35.
Na4 Ne4 36. Bc1 Rff8 37. Qxa6 Kh8 38. f3 Nf6 39. h5 Qc7 40. Qb6 Qf7 41. Qb3
Qa7+ 42. c5 Nd7 43. Rg3 Rb8 44. Qc2 Ra8 45. Nb6 Nxb6 46. cxb6 Qxb6+ 47. Be3 Qa5
48. Rc1 Qa4 1/2-1/2

[Event "3FoglarVeterans_SIM_B"]
[Site "?"]
[Date "2007.??.??"]
[Round "?"]
[White "Satici, Aydin"]
[Black "Cipka, Ivan"]
[Result "1/2-1/2"]
[WhiteElo "2335"]
[BlackElo "2282"]
[PlyCount "77"]
[EventDate "2007.??.??"]
[EventType "corr"]
[SourceDate "2007.05.17"]

1. d4 d5 2. c4 dxc4 3. Nf3 a6 4. e3 b5 5. a4 Bb7 6. axb5 axb5 7. Rxa8 Bxa8 8.
b3 e6 9. bxc4 bxc4 10. Bxc4 Nf6 11. O-O Be7 12. Nc3 O-O 13. Qe2 c5 14. Rd1 cxd4
15. Nxd4 Qb6 16. Na4 Qb7 17. f3 Nc6 18. Bb2 Rd8 19. Rc1 Qb8 20. Bb5 Nxd4 21.
Bxd4 Bd6 22. h3 Be5 23. Bxe5 Qxe5 24. Qd2 Qb8 25. Qb2 Qa7 26. Qe5 Qa5 27. Qc5
h6 28. Nb6 Nd5 29. Nxd5 Rxd5 30. Qe7 Rxb5 31. Rc8+ Kh7 32. Qxf7 Qe1+ 33. Kh2
Rg5 34. Qg8+ Kg6 35. Qe8+ Kh7 36. Qg8+ Kg6 37. Qe8+ Kf6 38. Qf8+ Kg6 39. Qe8+
1/2-1/2

[Event "3FoglarVeterans_SIM_B"]
[Site "?"]
[Date "2007.??.??"]
[Round "?"]
[White "Cipka, Ivan"]
[Black "Illetsko, Jaroslav"]
[Result "1/2-1/2"]
[WhiteElo "2282"]
[BlackElo "2262"]
[PlyCount "76"]
[EventDate "2007.??.??"]
[EventType "corr"]
[SourceDate "2007.05.17"]

1. e4 e5 2. Nf3 Nc6 3. Bb5 a6 4. Ba4 Nf6 5. O-O Be7 6. Re1 b5 7. Bb3 O-O 8. c3
d6 9. d3 Na5 10. Bc2 c5 11. Nbd2 Re8 12. Nf1 Bb7 13. Ng3 Bf8 14. a3 h6 15. b4
Nc6 16. d4 cxd4 17. cxd4 exd4 18. Bb2 Ne5 19. Bxd4 Rc8 20. Rc1 g6 21. h4 Bg7
22. Nxe5 dxe5 23. Bb2 h5 24. Bb3 Qe7 25. Rxc8 Bxc8 26. Nf1 Be6 27. g3 Rd8 28.
Qf3 Ne8 29. Bxe6 Qxe6 30. Qe2 Qb3 31. Rc1 f6 32. Rc6 Qd1 33. Qxd1 Rxd1 34. Kg2
Nd6 35. Ne3 Rd3 36. Rxa6 Nxe4 37. Bc1 Nc3 38. Nf1 Rd7 1/2-1/2

[Event "3FoglarVeterans_SIM_B"]
[Site "?"]
[Date "2007.??.??"]
[Round "?"]
[White "Rauduve, Algirdas"]
[Black "Brousek, Jiri"]
[Result "1-0"]
[WhiteElo "2318"]
[BlackElo "2353"]
[PlyCount "79"]
[EventDate "2007.??.??"]
[EventType "corr"]
[SourceDate "2007.05.17"]

1. e4 e6 2. d4 d5 3. Nd2 Nf6 4. e5 Nfd7 5. f4 c5 6. Ndf3 Nc6 7. c3 Qb6 8. g3
cxd4 9. cxd4 Bb4+ 10. Kf2 g5 11. fxg5 Ndxe5 12. Nxe5 Nxe5 13. Kg2 Nc6 14. Nf3
Bd6 15. Bd3 Nb4 16. Be2 Bd7 17. a3 Nc6 18. b4 Ne7 19. Bd2 Bb5 20. a4 Bc4 21.
Qe1 Rc8 22. b5 a6 23. Ba5 Qa7 24. Rf1 O-O 25. b6 Qb8 26. Bd2 Bxe2 27. Qxe2 Rc4
28. Rfc1 Rfc8 29. Rf1 R8c6 30. a5 Nf5 31. Qf2 Qf8 32. Kh1 Rc8 33. g4 Ne7 34. h4
Nc6 35. h5 Qe7 36. Rae1 Bb8 37. g6 fxg6 38. Bg5 Qf7 39. Qe3 Qd7 40. Bh6 1-0

[Event "3FoglarVeterans_SIM_B"]
[Site "?"]
[Date "2007.??.??"]
[Round "?"]
[White "Brousek, Jiri"]
[Black "Mokrinsky, Evgeny E."]
[Result "1/2-1/2"]
[WhiteElo "2353"]
[BlackElo "2341"]
[PlyCount "108"]
[EventDate "2007.??.??"]
[EventType "corr"]
[SourceDate "2007.05.17"]

1. d4 Nf6 2. Nf3 e6 3. e3 d5 4. Bd3 c5 5. b3 Nc6 6. O-O Qc7 7. Bb2 cxd4 8. exd4
Be7 9. a3 O-O 10. Ne5 Nxe5 11. dxe5 Nd7 12. Qh5 g6 13. Qe2 Nc5 14. Bd4 Bd7 15.
Nc3 Nxd3 16. cxd3 Rfc8 17. Qe3 b6 18. f4 Qd8 19. a4 Rc7 20. Nd1 Rac8 21. Nf2
Qf8 22. a5 bxa5 23. Rxa5 h5 24. Rxa7 Rxa7 25. Bxa7 Rc2 26. Ra1 Bb4 27. Bd4 Bd2
28. Qe2 Qb4 29. Rd1 Qxd4 30. Rxd2 Rc1+ 31. Rd1 Qxf4 32. d4 Rxd1+ 33. Qxd1 Bb5
34. Qa1 Qd2 35. Qd1 Qb2 36. h4 Kf8 37. g3 Qc3 38. Kh2 Qe3 39. Nh3 Kg8 40. b4
Bd3 41. Qg1 Qd2+ 42. Qf2 Qxb4 43. Ng5 Bf5 44. Qe3 Kg7 45. Nf3 Be4 46. Nd2 Qb2
47. Kg1 Qc1+ 48. Kf2 Qc2 49. Qg5 Qb2 50. Qe3 Bf5 51. Ke1 Qc2 52. Ke2 Bg4+ 53.
Kf2 Qd1 54. Kg2 Be2 1/2-1/2

[Event "3FoglarVeterans_SIM_B"]
[Site "?"]
[Date "2007.??.??"]
[Round "?"]
[White "Mokrinsky, Evgeny E."]
[Black "Cipka, Ivan"]
[Result "1/2-1/2"]
[WhiteElo "2341"]
[BlackElo "2282"]
[PlyCount "62"]
[EventDate "2007.??.??"]
[EventType "corr"]
[SourceDate "2007.05.17"]

1. e4 e5 2. Nf3 Nf6 3. Nxe5 d6 4. Nf3 Nxe4 5. d4 d5 6. Bd3 Bd6 7. O-O Bg4 8. c4
O-O 9. cxd5 Nf6 10. Nc3 Nbd7 11. h3 Bh5 12. g4 Bg6 13. Bg5 a5 14. Re1 Nb6 15.
Ne5 Bxd3 16. Qxd3 h6 17. Bxf6 Qxf6 18. Re3 Bb4 19. Rf3 Qd8 20. Rf5 a4 21. a3
Bd6 22. Re1 f6 23. Nc4 Nxc4 24. Qxc4 g6 25. Rf3 f5 26. Qd3 Kg7 27. gxf5 Qg5+
28. Kh1 Rxf5 29. Rxf5 Qxf5 30. Qxf5 gxf5 31. Kg2 Kf6 1/2-1/2

[Event "3FoglarVeterans_SIM_B"]
[Site "?"]
[Date "2007.??.??"]
[Round "?"]
[White "Vasile, Constantin"]
[Black "Weber, Karlheinz"]
[Result "1/2-1/2"]
[WhiteElo "2244"]
[BlackElo "2298"]
[PlyCount "155"]
[EventDate "2007.??.??"]
[EventType "corr"]
[SourceDate "2007.05.17"]

1. e4 e5 2. Nf3 Nc6 3. Bc4 Bc5 4. Nc3 Nf6 5. d3 d6 6. Na4 Bb6 7. c3 Be6 8. Bxe6
fxe6 9. Nxb6 axb6 10. O-O O-O 11. a4 Qe8 12. b4 Nh5 13. d4 Nf6 14. b5 Na5 15.
Re1 Qg6 16. Ra2 Nd7 17. dxe5 Nxe5 18. Nxe5 dxe5 19. Rd2 Nc4 20. Rd3 Qf6 21. Qc2
Rad8 22. Red1 Rxd3 23. Rxd3 c6 24. Rd7 cxb5 25. axb5 Rf7 26. Rd1 Qe7 27. Qb3
Qc7 28. Bg5 h6 29. Bh4 Rf4 30. Bg3 Rxe4 31. Qc2 Rg4 32. Qe2 Rg5 33. Rd4 Na5 34.
Qd3 Rf5 35. c4 Qc5 36. Re4 Kf7 37. h3 Kf6 38. Bh4+ g5 39. Bg3 h5 40. Qd8+ Kf7
41. Qh8 Nxc4 42. Qxh5+ Ke7 43. Qh7+ Rf7 44. Qg8 Rf5 45. Qg7+ Ke8 46. Re1 Nd6
47. Ra1 Nf7 48. Ra8+ Ke7 49. Rb8 Qc7 50. Rg8 Kd7 51. Rf8 Kd6 52. Ra8 Kc5 53.
Qg8 Qd7 54. Ra1 Nd6 55. Qa8 Nc4 56. Rb1 e4 57. f3 e3 58. Be1 Na5 59. Kh2 Rd5
60. Qh8 Nc4 61. Qc3 Rd3 62. Qb4+ Kd5 63. Bg3 Nd2 64. Rc1 Rb3 65. Qg4 Qe7 66. h4
gxh4 67. Bxh4 Qd6+ 68. Bg3 e5 69. Qf5 Kd4 70. Qc8 Qh6+ 71. Kg1 Qd6 72. Bh4 Kd3
73. Qf5+ Kd4 74. Bg5 Qd5 75. Qg6 Qxb5 76. Bd8 Qb4 77. Qf5 Qd6 78. Qc8 1/2-1/2

[Event "3FoglarVeterans_SIM_B"]
[Site "?"]
[Date "2007.??.??"]
[Round "?"]
[White "Christiansen, Tonny"]
[Black "Rauduve, Algirdas"]
[Result "0-1"]
[WhiteElo "2340"]
[BlackElo "2318"]
[PlyCount "74"]
[EventDate "2007.??.??"]
[EventType "corr"]
[SourceDate "2007.05.17"]

1. e4 c5 2. Nc3 Nc6 3. g3 g6 4. Bg2 Bg7 5. d3 d6 6. f4 e6 7. Nf3 Nge7 8. O-O
O-O 9. Be3 b6 10. Bf2 Bb7 11. Qd2 Qd7 12. Rae1 Rad8 13. Rd1 d5 14. e5 Nf5 15.
g4 Nfd4 16. Nxd4 Nxd4 17. Ne2 Nxe2+ 18. Qxe2 f5 19. g5 d4 20. Bxb7 Qxb7 21. c3
dxc3 22. bxc3 Rd7 23. d4 cxd4 24. Bxd4 Rc8 25. Qf3 Qa6 26. Rf2 Bf8 27. Rfd2 b5
28. Qe2 Qa4 29. Rd3 Qc4 30. Kf1 a5 31. R3d2 Qc6 32. Qg2 Rd5 33. Rd3 Rcd8 34.
Qe2 b4 35. cxb4 axb4 36. R1d2 Qc4 37. Rc2 Qb5 0-1

[Event "3FoglarVeterans_SIM_B"]
[Site "?"]
[Date "2007.??.??"]
[Round "?"]
[White "Rauduve, Algirdas"]
[Black "Glinz, Gustavo"]
[Result "1-0"]
[WhiteElo "2318"]
[BlackElo "2321"]
[PlyCount "67"]
[EventDate "2007.??.??"]
[EventType "corr"]
[SourceDate "2007.05.17"]

1. e4 e6 2. d4 d5 3. Nd2 Nf6 4. e5 Nfd7 5. f4 c5 6. Ndf3 Nc6 7. c3 Qb6 8. g3
cxd4 9. cxd4 f6 10. Bh3 fxe5 11. fxe5 Bb4+ 12. Kf1 Nf8 13. Ne2 Ng6 14. Kg2 O-O
15. Bg4 Be7 16. h4 Bd8 17. h5 Nge7 18. h6 g6 19. Rf1 Nf5 20. Bxf5 gxf5 21. Bg5
Bxg5 22. Nxg5 Qxb2 23. Kh1 Qa3 24. g4 Kh8 25. gxf5 exf5 26. Nf4 Bd7 27. Rg1 Qe3
28. Qf1 Qxd4 29. Rd1 Qa4 30. Re1 Qd4 31. Nxh7 Rg8 32. Nf6 Nxe5 33. Rg7 Rxg7 34.
hxg7+ 1-0

[Event "3FoglarVeterans_SIM_B"]
[Site "?"]
[Date "2007.??.??"]
[Round "?"]
[White "Cipka, Ivan"]
[Black "Glinz, Gustavo"]
[Result "0-1"]
[WhiteElo "2282"]
[BlackElo "2321"]
[PlyCount "74"]
[EventDate "2007.??.??"]
[EventType "corr"]
[SourceDate "2007.05.17"]

1. e4 e6 2. d4 d5 3. Nc3 Nf6 4. e5 Nfd7 5. f4 c5 6. Nf3 Nc6 7. Be3 Qb6 8. a3
cxd4 9. Nxd4 Bc5 10. Na4 Qa5+ 11. b4 Qxa4 12. Bb5 Bxd4 13. Bxa4 Bxe3 14. Qf3 d4
15. c3 Nb6 16. cxd4 Nd5 17. Rd1 Bd7 18. Rf1 {[%emt 0:00:00]} a5 19. b5 {[%emt
0:00:00]} Nce7 20. Rd3 Bc1 21. Qd1 {[%emt 0:00:00]} Rc8 22. b6 Bc6 23. f5 exf5
24. Rf2 {[%emt 0:00:00]} Bg5 25. Rb2 {[%emt 0:00:00]} O-O 26. g3 Ne3 27. Qh5
Bh6 28. Bxc6 Rxc6 29. Ke2 N7d5 30. Kf3 Rc1 31. Rbd2 Rfc8 32. h3 R8c6 33. Rf2
Rg1 34. Rb2 Rh1 35. Rdb3 g5 36. Ke2 Rh2+ 37. Kd3 Nc2 0-1

[Event "3FoglarVeterans_SIM_B"]
[Site "?"]
[Date "2007.??.??"]
[Round "?"]
[White "Cipka, Ivan"]
[Black "Pesa, Ladislav"]
[Result "0-1"]
[WhiteElo "2282"]
[BlackElo "2342"]
[PlyCount "90"]
[EventDate "2007.??.??"]
[EventType "corr"]
[SourceDate "2007.05.17"]

1. e4 c5 2. Nf3 Nc6 3. d4 cxd4 4. Nxd4 Nf6 5. Nc3 e5 6. Ndb5 d6 7. Nd5 Nxd5 8.
exd5 Nb8 9. Bd3 a6 10. Nc3 f5 11. a4 g6 12. a5 Bg7 13. h4 O-O 14. h5 g5 15. h6
Bf6 16. Qh5 e4 17. Be2 Bd7 18. O-O Be8 19. Qh1 Qe7 20. Bd2 Bg6 21. Rae1 Nd7 22.
g4 f4 23. Bf3 Bxc3 24. Bxc3 Rae8 25. Bxe4 Bxe4 26. f3 Ne5 27. fxe4 Qd7 28. Bxe5
Rxe5 29. Qf3 Rf6 30. Kg2 Rxh6 31. Rh1 Rxh1 32. Kxh1 Re7 33. Kg2 Qd8 34. Qa3 Qc8
35. Qxd6 Qxg4+ 36. Kf1 Re8 37. Qh6 Qf3+ 38. Kg1 Qg3+ 39. Kf1 f3 40. Qh1 f2 41.
Re2 Rf8 42. Rd2 Qe3 43. Rd1 Rf4 44. Qg2 Rxe4 45. Qxe4 Qxe4 0-1